000 00476nam a2200169 i 4500
001 28821
003 ES-MaACL
005 20230906153932.0
007 t|
008 030120s1962 sp ||||1| spa d
100 1 _aBarbancho, Alfonso G.
_925380
245 1 0 _aFundamentos y posibilidades de la Econometría /
_cAlfonso G. Barbancho.
260 _aBarcelona :
_bAriel,
_c[1962]
300 _a219 p. ;
_c23 cm.
650 0 4 _aEconometría.
_912005
852 _aES-MaACL
_jC-22154
999 _c28821
_d28821